000 00416 a2200145 4500
001 179844
020 _a
040 _cMagnum
100 _aMartinez, Pe Hipolito Et. All
240 1 0 _aBreve historia dos padres agostinianos e freiras missionarias agostini
_lpor
245 1 0 _aBreve historia dos padres agostinianos e freiras missionarias agostini
362 0 _a1899
697 _aMAGNITO: RELIGIAO
942 _cBK
999 _c179844
_d179844